[Event "World Chess Olympiad 2018"]
[Site "Batumi"]
[Date "2018.10.01"]
[Round "7"]
[Board "3"]
[WhiteFideId "1612468"]
[White "Diermair Andreas"]
[BlackFideId "14402661"]
[Black "Marjanovic Dejan"]
[Result "0-1"]
[LiveChessVersion "1.4.8"]
[BlackElo "2382"]
[WhiteElo "2501"]

1. d4 {[%clk 1:30:57]} d5 {[%clk 1:30:34]} 2. c4 {[%clk 1:31:22]} e6
{[%clk 1:30:59]} 3. Nf3 {[%clk 1:31:44]} Nf6 {[%clk 1:30:48]} 4. g3
{[%clk 1:31:59]} Bb4+ {[%clk 1:30:30]} 5. Bd2 {[%clk 1:32:19]} Be7
{[%clk 1:30:56]} 6. Bg2 {[%clk 1:32:42]} O-O {[%clk 1:30:45]} 7. O-O
{[%clk 1:32:54]} Nbd7 {[%clk 1:30:40]} 8. Qc2 {[%clk 1:32:50]} Ne4
{[%clk 1:30:45]} 9. Bf4 c6 {[%clk 1:30:05]} 10. Nc3 {[%clk 1:16:31]} f5
{[%clk 1:29:50]} 11. Nxe4 {[%clk 1:11:12]} fxe4 {[%clk 1:24:02]} 12. Nd2
{[%clk 1:10:42]} Bf6 {[%clk 1:13:12]} 13. Nb3 {[%clk 1:03:29]} Nb6
{[%clk 1:10:28]} 14. Rad1 {[%clk 0:58:16]} a5 {[%clk 0:57:38]} 15. c5
{[%clk 0:52:46]} Nd7 {[%clk 0:54:02]} 16. Bd6 {[%clk 0:52:18]} a4
{[%clk 0:48:10]} 17. Nd2 {[%clk 0:45:40]} Be7 {[%clk 0:47:32]} 18. Bxe7
{[%clk 0:40:21]} Qxe7 {[%clk 0:47:49]} 19. Nb1 {[%clk 0:34:15]} e5
{[%clk 0:44:43]} 20. e3 {[%clk 0:30:19]} exd4 {[%clk 0:40:34]} 21. exd4
{[%clk 0:30:43]} b6 {[%clk 0:29:24]} 22. Nc3 {[%clk 0:27:15]} bxc5
{[%clk 0:25:17]} 23. Nxa4 {[%clk 0:27:30]} Ba6 {[%clk 0:24:18]} 24. Rfe1
{[%clk 0:27:46]} Bd3 {[%clk 0:24:08]} 25. Qxd3 {[%clk 0:26:12]} Rxa4
{[%clk 0:24:35]} 26. Qc3 {[%clk 0:16:02]} Qf6 {[%clk 0:21:21]} 27. dxc5
{[%clk 0:10:04]} Qxf2+ {[%clk 0:19:05]} 28. Kh1 {[%clk 0:10:33]} Rxa2
{[%clk 0:17:07]} 29. Rb1 {[%clk 0:09:10]} Rb8 {[%clk 0:14:01]} 30. Rf1
{[%clk 0:06:55]} Qxc5 {[%clk 0:14:16]} 31. Bh3 {[%clk 0:05:19]} Qd6
{[%clk 0:14:01]} 32. b4 {[%clk 0:04:41]} Qh6 {[%clk 0:11:51]} 33. Bg2
{[%clk 0:02:47]} Qd2 {[%clk 0:11:17]} 34. Qxd2 {[%clk 0:03:10]} Rxd2
{[%clk 0:11:42]} 35. Bh3 {[%clk 0:03:20]} Nf6 {[%clk 0:10:18]} 36. Rbc1
{[%clk 0:02:56]} Rxb4 {[%clk 0:09:08]} 37. Rxc6 {[%clk 0:02:48]} Rbb2
{[%clk 0:06:48]} 38. Be6+ {[%clk 0:02:14]} Kf8 {[%clk 0:07:15]} 39. Rfc1
{[%clk 0:01:26]} Rxh2+ {[%clk 0:07:33]} 40. Kg1 {[%clk 0:31:55]} Rbg2+
{[%clk 0:37:07]} 41. Kf1 {[%clk 0:32:23]} e3 {[%clk 0:36:49]} 0-1

[Event "World Chess Olympiad 2018"]
[Site "Batumi"]
[Date "2018.10.01"]
[Round "7"]
[Board "4"]
[WhiteFideId "14407701"]
[White "Burovic Rijad"]
[BlackFideId "1621645"]
[Black "Schreiner Peter"]
[Result "0-1"]
[LiveChessVersion "1.4.8"]
[BlackElo "2463"]
[WhiteElo "2380"]

1. e4 {[%clk 1:30:54]} e5 {[%clk 1:30:54]} 2. f4 {[%clk 1:30:46]} exf4
{[%clk 1:31:15]} 3. Bc4 {[%clk 1:31:00]} Nf6 {[%clk 1:31:34]} 4. Nc3
{[%clk 1:31:14]} c6 {[%clk 1:31:56]} 5. Bb3 {[%clk 1:30:01]} d5 {[%clk 1:32:14]}
6. exd5 {[%clk 1:30:26]} cxd5 {[%clk 1:32:38]} 7. d4 {[%clk 1:30:50]} Bb4
{[%clk 1:31:04]} 8. Nge2 {[%clk 1:30:35]} O-O {[%clk 1:24:21]} 9. O-O
{[%clk 1:26:56]} g5 {[%clk 1:12:16]} 10. g3 {[%clk 0:53:34]} Bxc3
{[%clk 1:01:40]} 11. Nxc3 {[%clk 0:51:32]} Bf5 {[%clk 0:59:50]} 12. gxf4
{[%clk 0:47:51]} g4 {[%clk 0:56:32]} 13. Be3 {[%clk 0:47:26]} Nc6
{[%clk 0:37:33]} 14. Bf2 {[%clk 0:44:18]} Ne4 {[%clk 0:31:47]} 15. Nxd5
{[%clk 0:28:47]} Nxf2 {[%clk 0:31:50]} 16. Rxf2 {[%clk 0:28:31]} Be4
{[%clk 0:23:34]} 17. Qxg4+ {[%clk 0:08:34]} Kh8 {[%clk 0:23:48]} 18. Qh5
{[%clk 0:08:49]} f5 {[%clk 0:13:18]} 19. Nc3 {[%clk 0:07:25]} Qxd4
{[%clk 0:12:09]} 20. Nxe4 {[%clk 0:06:36]} Qxe4 {[%clk 0:08:49]} 21. Rg2
{[%clk 0:06:22]} Nd4 {[%clk 0:04:54]} 22. Qh6 {[%clk 0:05:53]} Qe7
{[%clk 0:05:01]} 23. Bd5 {[%clk 0:05:24]} Rad8 {[%clk 0:03:53]} 24. c4
{[%clk 0:05:39]} b5 {[%clk 0:01:40]} 25. b3 {[%clk 0:04:08]} bxc4
{[%clk 0:02:09]} 26. bxc4 {[%clk 0:04:34]} Ne2+ {[%clk 0:01:31]} 27. Kh1
{[%clk 0:02:54]} Nc3 {[%clk 0:01:54]} 28. Bf3 {[%clk 0:01:28]} Rg8
{[%clk 0:01:13]} 29. c5 {[%clk 0:00:56]} Rxg2 {[%clk 0:01:22]} 30. Bxg2
{[%clk 0:00:46]} Ne4 {[%clk 0:01:23]} 31. c6 {[%clk 0:00:34]} Nf2+
{[%clk 0:01:25]} 32. Kg1 {[%clk 0:01:03]} Ng4 {[%clk 0:01:30]} 0-1

[Event "World Chess Olympiad 2018"]
[Site "Batumi"]
[Date "2018.10.01"]
[Round "7"]
[Board "1"]
[WhiteFideId "4201345"]
[White "Papaioannou Ioannis"]
[BlackFideId "3405400"]
[Black "Morovic Fernandez Ivan"]
[Result "1-0"]
[LiveChessVersion "1.4.8"]
[BlackElo "2501"]
[WhiteElo "2634"]

1. d4 {[%clk 1:30:50]} d5 {[%clk 1:30:42]} 2. c4 {[%clk 1:31:02]} e6
{[%clk 1:30:53]} 3. Nf3 {[%clk 1:31:22]} Nf6 {[%clk 1:31:17]} 4. g3
{[%clk 1:31:41]} dxc4 {[%clk 1:31:23]} 5. Bg2 {[%clk 1:32:04]} a6
{[%clk 1:31:46]} 6. O-O {[%clk 1:32:04]} Nc6 {[%clk 1:31:28]} 7. e3
{[%clk 1:31:33]} Bd7 {[%clk 1:30:15]} 8. Qe2 {[%clk 1:30:46]} Bd6
{[%clk 1:29:56]} 9. Qxc4 {[%clk 1:29:22]} O-O {[%clk 1:28:13]} 10. Rd1
{[%clk 1:28:15]} Rb8 {[%clk 1:25:45]} 11. Qe2 {[%clk 1:25:07]} e5
{[%clk 1:12:44]} 12. dxe5 {[%clk 1:13:52]} Nxe5 {[%clk 1:12:53]} 13. Nxe5
{[%clk 1:12:39]} Bxe5 {[%clk 1:13:19]} 14. Na3 {[%clk 1:12:08]} Qe7
{[%clk 1:06:35]} 15. Nc4 {[%clk 1:10:53]} Ba4 {[%clk 1:06:58]} 16. Re1
{[%clk 1:06:53]} Rfd8 {[%clk 0:56:33]} 17. Nxe5 {[%clk 1:04:40]} Qxe5
{[%clk 0:56:49]} 18. e4 {[%clk 1:02:54]} Bb5 {[%clk 0:51:06]} 19. Qf3
{[%clk 0:59:34]} Bc6 {[%clk 0:42:56]} 20. Bf4 {[%clk 0:57:48]} Qe7
{[%clk 0:43:07]} 21. Qc3 {[%clk 0:57:08]} Rbc8 {[%clk 0:35:11]} 22. Rac1
{[%clk 0:50:55]} Qe6 {[%clk 0:32:19]} 23. Qc4 {[%clk 0:50:17]} Qxc4
{[%clk 0:29:09]} 24. Rxc4 {[%clk 0:50:33]} h6 {[%clk 0:23:52]} 25. f3
{[%clk 0:47:49]} Nd7 {[%clk 0:20:37]} 26. Rd4 {[%clk 0:37:30]} Nc5
{[%clk 0:12:38]} 27. Rxd8+ {[%clk 0:34:29]} Rxd8 {[%clk 0:13:05]} 28. Be3
{[%clk 0:33:57]} Ne6 {[%clk 0:10:53]} 29. Kf2 {[%clk 0:34:15]} g5
{[%clk 0:04:19]} 30. Rc1 {[%clk 0:32:10]} f6 {[%clk 0:04:04]} 31. Bf1
{[%clk 0:31:49]} Bb5 {[%clk 0:02:27]} 32. Bh3 {[%clk 0:32:03]} Kf7
{[%clk 0:02:28]} 33. Bg4 {[%clk 0:32:23]} Bc6 {[%clk 0:02:05]} 34. h4
{[%clk 0:32:43]} Nf8 {[%clk 0:01:51]} 35. f4 {[%clk 0:31:47]} gxh4
{[%clk 0:00:47]} 36. gxh4 {[%clk 0:32:14]} Bxe4 {[%clk 0:00:47]} 37. Rxc7+
{[%clk 0:32:37]} Kg8 {[%clk 0:01:02]} 38. Bc8 {[%clk 0:32:13]} Rd1
{[%clk 0:00:35]} 39. f5 {[%clk 0:32:07]} Rh1 {[%clk 0:00:31]} 40. Bd4
{[%clk 1:02:23]} Rh2+ {[%clk 0:30:37]} 41. Ke3 {[%clk 1:02:16]} Rxh4
{[%clk 0:28:00]} 42. Bxf6 {[%clk 1:02:37]} Rg4 {[%clk 0:28:19]} 43. Rc4
{[%clk 1:02:51]} Bf3 {[%clk 0:19:13]} 44. Rxg4+ {[%clk 1:00:06]} Bxg4
{[%clk 0:19:40]} 45. Bxb7 {[%clk 0:58:18]} Bxf5 {[%clk 0:15:00]} 46. Bxa6
{[%clk 0:58:41]} Nd7 {[%clk 0:14:30]} 47. Bh4 {[%clk 0:56:50]} Be6
{[%clk 0:14:39]} 48. a3 {[%clk 0:55:54]} Ne5 {[%clk 0:14:15]} 49. a4
{[%clk 0:51:11]} Nc4+ {[%clk 0:12:19]} 50. Kd4 {[%clk 0:50:34]} Nxb2
{[%clk 0:12:44]} 51. a5 {[%clk 0:50:59]} Kf7 {[%clk 0:08:32]} 52. Bb7
{[%clk 0:50:58]} Nc4 {[%clk 0:06:51]} 53. a6 {[%clk 0:50:43]} Nd6
{[%clk 0:00:34]} 54. Kc5 {[%clk 0:51:07]} Nc8 55. Kc6 1-0

[Event "World Chess Olympiad 2018"]
[Site "Batumi"]
[Date "2018.10.01"]
[Round "7"]
[Board "2"]
[WhiteFideId "3409350"]
[White "Henriquez Villagra Cristobal"]
[BlackFideId "4202031"]
[Black "Banikas Hristos"]
[Result "1/2-1/2"]
[LiveChessVersion "1.4.8"]
[BlackElo "2601"]
[WhiteElo "2519"]

1. e4 {[%clk 1:30:57]} c5 {[%clk 1:30:52]} 2. Nf3 {[%clk 1:31:22]} d6
{[%clk 1:31:14]} 3. Bb5+ {[%clk 1:31:44]} Nd7 {[%clk 1:31:27]} 4. O-O
{[%clk 1:32:07]} a6 {[%clk 1:31:44]} 5. Bd3 {[%clk 1:32:28]} Ngf6
{[%clk 1:32:07]} 6. Re1 {[%clk 1:32:44]} e6 {[%clk 1:32:26]} 7. a4
{[%clk 1:32:53]} b6 {[%clk 1:31:32]} 8. c3 {[%clk 1:32:16]} Bb7 {[%clk 1:31:03]}
9. Na3 {[%clk 1:31:37]} Qc7 {[%clk 1:24:46]} 10. Qe2 {[%clk 1:31:45]} Be7
{[%clk 1:24:32]} 11. Bc2 {[%clk 1:32:06]} Rc8 {[%clk 1:23:09]} 12. d3
{[%clk 1:32:21]} h6 {[%clk 1:20:47]} 13. h3 {[%clk 1:29:22]} O-O {[%clk 1:19:59]}
14. Bf4 {[%clk 1:28:41]} e5 {[%clk 1:17:01]} 15. Bh2 {[%clk 1:28:58]} Rfe8
{[%clk 1:17:25]} 16. Bb3 {[%clk 1:29:02]} Bf8 {[%clk 1:16:54]} 17. Nc4
{[%clk 1:07:47]} b5 {[%clk 1:15:27]} 18. axb5 {[%clk 1:07:22]} axb5
{[%clk 1:15:50]} 19. Na5 {[%clk 1:07:35]} Ba8 {[%clk 1:13:06]} 20. c4
{[%clk 1:06:42]} Rb8 {[%clk 1:12:25]} 21. Qc2 {[%clk 1:04:32]} bxc4
{[%clk 1:11:04]} 22. Nxc4 {[%clk 1:00:33]} Rb4 {[%clk 1:08:53]} 23. Ra3
{[%clk 0:58:12]} Reb8 {[%clk 1:01:12]} 24. Rea1 {[%clk 0:55:23]} Bc6
{[%clk 1:01:06]} 25. Na5 {[%clk 0:55:08]} Ba8 {[%clk 1:00:02]} 26. Nc4
{[%clk 0:52:58]} Bc6 {[%clk 0:59:38]} 27. R1a2 {[%clk 0:51:09]} Ne8
{[%clk 0:54:08]} 28. Bg3 {[%clk 0:48:19]} Qc8 {[%clk 0:49:02]} 29. Na5
{[%clk 0:40:25]} Ba8 {[%clk 0:48:16]} 30. Bc4 {[%clk 0:37:15]} Nb6
{[%clk 0:46:29]} 31. Nd2 {[%clk 0:31:12]} Nc7 {[%clk 0:45:58]} 32. f4
{[%clk 0:28:10]} exf4 {[%clk 0:45:03]} 33. Bxf4 {[%clk 0:28:18]} Ne6
{[%clk 0:44:20]} 34. Bg3 {[%clk 0:25:08]} Nd4 {[%clk 0:44:33]} 35. Qd1
{[%clk 0:25:21]} Qd8 {[%clk 0:44:40]} 36. Ba6 {[%clk 0:20:06]} Qg5
{[%clk 0:43:08]} 37. Kh2 {[%clk 0:19:43]} Re8 {[%clk 0:43:30]} 38. Nab3
{[%clk 0:11:37]} Nb5 {[%clk 0:34:55]} 39. Ra5 {[%clk 0:08:53]} Na7
{[%clk 0:26:06]} 40. Nf3 {[%clk 0:37:13]} Qf6 {[%clk 0:56:32]} 41. Be1
{[%clk 0:34:45]} Nc6 {[%clk 0:56:55]} 42. Bb5 {[%clk 0:27:13]} Nxa5
{[%clk 0:50:03]} 43. Bxb4 {[%clk 0:17:53]} Nc6 {[%clk 0:50:17]} 44. Bc3
{[%clk 0:18:04]} Qd8 {[%clk 0:50:41]} 45. Na5 {[%clk 0:14:12]} Qc7
{[%clk 0:50:13]} 46. Be1 {[%clk 0:12:39]} Rb8 {[%clk 0:45:38]} 47. Bg3
{[%clk 0:11:26]} Nb4 {[%clk 0:41:50]} 48. Ra1 {[%clk 0:11:39]} N6d5
{[%clk 0:38:06]} 49. Nc4 {[%clk 0:12:01]} Nf6 {[%clk 0:38:32]} 50. e5
{[%clk 0:09:54]} dxe5 {[%clk 0:38:51]} 51. Nfxe5 {[%clk 0:02:58]} Qb7
{[%clk 0:38:29]} 52. Qf3 {[%clk 0:03:24]} Qxf3 {[%clk 0:32:04]} 53. Nxf3
{[%clk 0:03:53]} Rd8 {[%clk 0:32:29]} 54. Nfe5 {[%clk 0:01:14]} Bd5
{[%clk 0:32:26]} 55. Kh1 {[%clk 0:01:15]} Be6 {[%clk 0:32:16]} 56. Bf2
{[%clk 0:00:53]} Rb8 {[%clk 0:31:07]} 57. Ra5 {[%clk 0:01:04]} Be7
{[%clk 0:31:27]} 58. Nc6 {[%clk 0:01:18]} Nxc6 {[%clk 0:28:18]} 59. Bxc6
{[%clk 0:01:47]} Rd8 {[%clk 0:28:40]} 60. Ne5 {[%clk 0:00:47]} Bd6
{[%clk 0:27:59]} 61. Nf3 {[%clk 0:00:59]} Rc8 {[%clk 0:27:01]} 62. Ra6
{[%clk 0:00:45]} Bf8 {[%clk 0:27:18]} 63. Ne5 {[%clk 0:00:45]} Nd5
{[%clk 0:27:29]} 64. Bxd5 {[%clk 0:00:41]} Bxd5 {[%clk 0:27:55]} 65. Nd7
{[%clk 0:01:09]} Be6 {[%clk 0:23:04]} 66. Nxf8 {[%clk 0:00:42]} Kxf8
{[%clk 0:23:28]} 67. Ra5 {[%clk 0:01:00]} c4 {[%clk 0:23:54]} 68. Bc5+
{[%clk 0:00:53]} Kg8 {[%clk 0:24:13]} 69. dxc4 {[%clk 0:00:42]} Bxc4
{[%clk 0:24:37]} 1/2-1/2

[Event "World Chess Olympiad 2018"]
[Site "Batumi"]
[Date "2018.10.01"]
[Round "7"]
[Board "3"]
[WhiteFideId "4202694"]
[White "Mastrovasilis Dimitrios"]
[BlackFideId "3407128"]
[Black "Salinas Herrera Pablo"]
[Result "1/2-1/2"]
[LiveChessVersion "1.4.8"]
[BlackElo "2486"]
[WhiteElo "2594"]

1. e4 {[%clk 1:30:56]} e5 {[%clk 1:30:58]} 2. Nf3 {[%clk 1:30:43]} Nc6
{[%clk 1:31:23]} 3. Nc3 {[%clk 1:29:59]} Nf6 {[%clk 1:31:45]} 4. d4
{[%clk 1:30:05]} exd4 {[%clk 1:32:10]} 5. Nxd4 {[%clk 1:30:25]} Bb4
{[%clk 1:32:24]} 6. Nxc6 {[%clk 1:30:30]} bxc6 {[%clk 1:32:47]} 7. Bd3
{[%clk 1:30:45]} O-O {[%clk 1:33:11]} 8. O-O {[%clk 1:31:03]} d5 {[%clk 1:33:27]}
9. exd5 {[%clk 1:31:19]} cxd5 {[%clk 1:33:53]} 10. h3 {[%clk 1:30:42]} Re8
{[%clk 1:30:40]} 11. Qf3 {[%clk 1:30:15]} c6 {[%clk 1:29:23]} 12. Bf4
{[%clk 1:25:41]} Bd6 {[%clk 1:24:24]} 13. Rfe1 {[%clk 1:20:54]} Be6
{[%clk 1:20:57]} 14. Ne2 {[%clk 1:19:26]} Bxf4 {[%clk 1:19:20]} 15. Nxf4
{[%clk 1:17:51]} Qd6 {[%clk 1:19:42]} 16. Qg3 {[%clk 0:59:55]} Qb4
{[%clk 0:52:44]} 17. a3 {[%clk 0:44:48]} Qb8 {[%clk 0:50:41]} 18. b3
{[%clk 0:41:58]} Bd7 {[%clk 0:50:34]} 19. c4 {[%clk 0:33:46]} a5 {[%clk 0:48:34]}
20. cxd5 {[%clk 0:31:24]} cxd5 {[%clk 0:48:58]} 21. Rxe8+ {[%clk 0:24:34]} Qxe8
{[%clk 0:47:53]} 22. Qe3 {[%clk 0:24:19]} Qxe3 {[%clk 0:40:59]} 23. fxe3
{[%clk 0:24:46]} Rb8 {[%clk 0:41:25]} 24. Rb1 {[%clk 0:22:20]} Kf8
{[%clk 0:40:29]} 25. Ne2 {[%clk 0:20:00]} Ke7 {[%clk 0:39:48]} 26. Nd4
{[%clk 0:19:58]} Ne8 {[%clk 0:33:42]} 27. Kf2 {[%clk 0:17:44]} g6
{[%clk 0:33:12]} 28. Ke2 {[%clk 0:15:20]} h5 {[%clk 0:33:29]} 29. h4
{[%clk 0:14:32]} Nc7 {[%clk 0:33:41]} 30. Kd2 {[%clk 0:13:03]} Kd6
{[%clk 0:32:32]} 31. Rf1 {[%clk 0:09:23]} Ke7 {[%clk 0:32:42]} 32. Rb1
{[%clk 0:09:14]} Kd6 {[%clk 0:33:04]} 33. b4 {[%clk 0:06:28]} axb4
{[%clk 0:33:29]} 34. Rxb4 {[%clk 0:06:25]} Ra8 {[%clk 0:27:59]} 1/2-1/2

[Event "World Chess Olympiad 2018"]
[Site "Batumi"]
[Date "2018.10.01"]
[Round "7"]
[Board "4"]
[WhiteFideId "3406903"]
[White "Garcia Cardenas Pablo"]
[BlackFideId "4212312"]
[Black "Pavlidis Antonios"]
[Result "1/2-1/2"]
[LiveChessVersion "1.4.8"]
[BlackElo "2552"]
[WhiteElo "2444"]

1. d4 {[%clk 1:30:57]} Nf6 {[%clk 1:30:43]} 2. c4 {[%clk 1:31:22]} g6
{[%clk 1:31:07]} 3. Nc3 {[%clk 1:31:46]} Bg7 {[%clk 1:31:31]} 4. e4
{[%clk 1:32:12]} d6 {[%clk 1:31:53]} 5. h3 {[%clk 1:32:37]} O-O {[%clk 1:32:05]}
6. Be3 {[%clk 1:33:00]} Nc6 {[%clk 1:32:27]} 7. d5 {[%clk 1:32:24]} Nb4
{[%clk 1:32:50]} 8. a3 {[%clk 1:31:33]} Na6 {[%clk 1:33:14]} 9. Bd3
{[%clk 1:29:55]} e6 {[%clk 1:25:27]} 10. Nf3 {[%clk 1:20:19]} exd5
{[%clk 1:15:38]} 11. exd5 {[%clk 1:15:44]} Nc5 {[%clk 0:57:29]} 12. Bc2
{[%clk 1:08:20]} Re8 {[%clk 0:55:53]} 13. O-O {[%clk 1:08:28]} Nfe4
{[%clk 0:55:47]} 14. Nxe4 {[%clk 1:02:28]} Nxe4 {[%clk 0:55:59]} 15. Bd4
{[%clk 0:54:39]} Ng5 {[%clk 0:48:20]} 16. Bxg7 {[%clk 0:41:47]} Kxg7
{[%clk 0:37:53]} 17. Qd4+ {[%clk 0:36:58]} Kg8 {[%clk 0:31:30]} 18. Nd2
{[%clk 0:27:18]} Nxh3+ {[%clk 0:13:29]} 19. gxh3 {[%clk 0:25:09]} Bxh3
{[%clk 0:12:32]} 20. Qf4 {[%clk 0:13:04]} Bxf1 {[%clk 0:11:20]} 21. Rxf1
{[%clk 0:13:31]} Kg7 {[%clk 0:09:53]} 22. Kg2 {[%clk 0:12:54]} Qf6
{[%clk 0:07:52]} 23. Qxf6+ {[%clk 0:12:52]} Kxf6 {[%clk 0:08:18]} 24. Ne4+
{[%clk 0:09:44]} Kg7 {[%clk 0:08:43]} 25. f4 {[%clk 0:10:10]} f6 {[%clk 0:06:33]}
26. Kf3 {[%clk 0:09:59]} Re7 {[%clk 0:06:25]} 27. Ba4 {[%clk 0:09:17]} a6
{[%clk 0:05:54]} 28. Ng3 {[%clk 0:06:47]} f5 {[%clk 0:05:31]} 29. Ne2
{[%clk 0:03:45]} Re4 {[%clk 0:04:54]} 30. Rc1 {[%clk 0:02:08]} b5
{[%clk 0:02:26]} 31. cxb5 {[%clk 0:02:37]} Rxa4 {[%clk 0:02:52]} 32. Rxc7+
{[%clk 0:03:01]} Kf6 {[%clk 0:03:05]} 33. Nc3 {[%clk 0:02:23]} axb5
{[%clk 0:02:52]} 34. Nxa4 {[%clk 0:02:15]} bxa4 {[%clk 0:03:19]} 35. Rxh7
{[%clk 0:02:02]} Rb8 {[%clk 0:03:45]} 36. Rd7 {[%clk 0:01:05]} Rb3+
{[%clk 0:04:09]} 37. Kf2 {[%clk 0:01:25]} Rxb2+ {[%clk 0:04:35]} 38. Ke3
{[%clk 0:00:31]} Rb6 {[%clk 0:04:43]} 39. Ra7 {[%clk 0:00:34]} Rb3+
{[%clk 0:05:00]} 40. Ke2 {[%clk 0:30:31]} Rb2+ {[%clk 0:32:54]} 41. Ke3
{[%clk 0:26:13]} Rb3+ {[%clk 0:23:04]} 42. Ke2 {[%clk 0:25:26]} g5
{[%clk 0:21:11]} 43. fxg5+ {[%clk 0:23:43]} Ke5 {[%clk 0:21:03]} 44. Kf2
{[%clk 0:12:45]} Rxa3 {[%clk 0:18:03]} 45. g6 {[%clk 0:12:52]} f4
{[%clk 0:17:39]} 46. Re7+ {[%clk 0:03:32]} Kxd5 {[%clk 0:17:50]} 47. Rf7
{[%clk 0:02:23]} Ke5 {[%clk 0:12:32]} 48. Re7+ {[%clk 0:02:40]} Kf6
{[%clk 0:12:08]} 49. Rf7+ {[%clk 0:02:26]} Kxg6 {[%clk 0:09:52]} 50. Rxf4
{[%clk 0:02:54]} Ra2+ {[%clk 0:10:18]} 51. Kf3 {[%clk 0:00:51]} a3
{[%clk 0:09:17]} 52. Rd4 {[%clk 0:01:16]} Kf5 {[%clk 0:09:44]} 53. Rxd6
{[%clk 0:01:42]} Ke5 {[%clk 0:10:12]} 54. Rd3 {[%clk 0:00:55]} Ra1
{[%clk 0:10:38]} 55. Kg2 {[%clk 0:01:10]} Ke4 {[%clk 0:11:04]} 56. Rb3
{[%clk 0:01:02]} Kd4 {[%clk 0:11:31]} 57. Rf3 {[%clk 0:01:19]} Kc5
{[%clk 0:11:57]} 58. Kh2 {[%clk 0:01:37]} Kb4 {[%clk 0:12:11]} 59. Rf4+
{[%clk 0:02:04]} Kc3 {[%clk 0:12:29]} 60. Rf3+ {[%clk 0:02:31]} Kd2
{[%clk 0:12:51]} 61. Kg2 {[%clk 0:02:57]} Ke2 {[%clk 0:12:59]} 62. Rb3
{[%clk 0:03:09]} Ke1 {[%clk 0:13:03]} 63. Rf3 {[%clk 0:03:04]} Kd2
{[%clk 0:13:29]} 64. Kh2 {[%clk 0:03:28]} Ke2 {[%clk 0:13:48]} 65. Rg3
{[%clk 0:02:47]} Kf2 {[%clk 0:14:13]} 66. Rg2+ {[%clk 0:03:08]} Kf3
{[%clk 0:14:38]} 67. Rg3+ {[%clk 0:03:36]} Kf4 {[%clk 0:15:03]} 68. Rb3
{[%clk 0:04:03]} Ra2+ {[%clk 0:15:16]} 69. Kg1 {[%clk 0:04:25]} Ke4
{[%clk 0:15:42]} 70. Rg3 {[%clk 0:04:27]} Kd4 {[%clk 0:16:08]} 71. Rf3
{[%clk 0:04:54]} Kc4 {[%clk 0:16:35]} 72. Kh1 {[%clk 0:05:19]} Kb4
{[%clk 0:16:59]} 73. Rf4+ {[%clk 0:05:45]} Kc3 {[%clk 0:17:17]} 74. Rf3+
{[%clk 0:06:11]} Kd4 {[%clk 0:17:42]} 75. Kg1 {[%clk 0:06:37]} Kc5
{[%clk 0:18:03]} 76. Kh1 {[%clk 0:07:03]} Kb4 {[%clk 0:18:30]} 77. Rf4+
{[%clk 0:07:30]} Kc3 {[%clk 0:18:49]} 78. Rf3+ {[%clk 0:07:56]} Kc4
{[%clk 0:19:12]} 79. Kg1 {[%clk 0:08:23]} Kc5 {[%clk 0:19:24]} 80. Kh1
{[%clk 0:08:48]} Kc4 {[%clk 0:19:21]} 81. Kg1 {[%clk 0:09:14]} Ra1+
{[%clk 0:19:18]} 82. Kg2 {[%clk 0:09:40]} Ra2+ {[%clk 0:19:45]} 83. Kg1
{[%clk 0:10:07]} Ra1+ {[%clk 0:20:12]} 1/2-1/2

[Event "World Chess Olympiad 2018"]
[Site "Batumi"]
[Date "2018.10.01"]
[Round "7"]
[Board "1"]
[WhiteFideId "800090"]
[White "Godena Michele"]
[BlackFideId "12303143"]
[Black "Lama Himal"]
[Result "0-1"]
[LiveChessVersion "1.4.8"]
[BlackElo "2057"]
[WhiteElo "2501"]

1. e4 {[%clk 1:30:57]} c5 {[%clk 1:30:25]} 2. Nf3 {[%clk 1:31:14]} Nc6
{[%clk 1:30:09]} 3. Bb5 {[%clk 1:30:36]} g6 {[%clk 1:29:55]} 4. O-O
{[%clk 1:28:45]} Bg7 {[%clk 1:30:16]} 5. c3 {[%clk 1:26:36]} Nf6 {[%clk 1:29:32]}
6. Re1 {[%clk 1:23:24]} a6 {[%clk 1:23:26]} 7. Bxc6 {[%clk 1:19:35]} dxc6
{[%clk 1:23:47]} 8. h3 {[%clk 1:19:01]} O-O {[%clk 1:21:36]} 9. d4
{[%clk 1:19:06]} Qa5 {[%clk 1:10:52]} 10. Bg5 {[%clk 0:49:38]} h6
{[%clk 1:03:12]} 11. Bh4 {[%clk 0:49:47]} Re8 {[%clk 1:02:49]} 12. Nbd2
{[%clk 0:48:49]} cxd4 {[%clk 1:02:43]} 13. cxd4 {[%clk 0:49:10]} Be6
{[%clk 0:57:34]} 14. Bg3 {[%clk 0:36:44]} Rad8 {[%clk 0:52:13]} 15. Be5
{[%clk 0:32:10]} Nh5 {[%clk 0:50:18]} 16. Bxg7 {[%clk 0:31:16]} Kxg7
{[%clk 0:50:41]} 17. Qc1 {[%clk 0:27:22]} Qb5 {[%clk 0:35:09]} 18. Qc3
{[%clk 0:26:47]} Kh7 {[%clk 0:35:35]} 19. a4 Qb6 {[%clk 0:35:28]} 20. b4
{[%clk 0:18:29]} Qc7 {[%clk 0:27:55]} 21. b5 {[%clk 0:08:56]} axb5
{[%clk 0:20:50]} 22. axb5 {[%clk 0:09:25]} Qc8 {[%clk 0:20:58]} 23. bxc6
{[%clk 0:08:48]} bxc6 {[%clk 0:18:27]} 24. Rac1 {[%clk 0:04:18]} Nf4
{[%clk 0:18:48]} 25. Qe3 {[%clk 0:04:04]} g5 {[%clk 0:19:12]} 26. Ne5
{[%clk 0:04:00]} Qb7 {[%clk 0:10:37]} 27. Nxc6 {[%clk 0:03:48]} Ra8
{[%clk 0:10:40]} 28. d5 {[%clk 0:03:44]} Bd7 {[%clk 0:10:22]} 29. Ne5
{[%clk 0:01:17]} Bb5 {[%clk 0:10:48]} 30. Rb1 0-1

[Event "World Chess Olympiad 2018"]
[Site "Batumi"]
[Date "2018.10.01"]
[Round "7"]
[Board "2"]
[WhiteFideId "12300675"]
[White "Kayastha Madan Krishna"]
[BlackFideId "865834"]
[Black "Moroni Luca Jr"]
[Result "0-1"]
[LiveChessVersion "1.4.8"]
[BlackElo "2547"]
[WhiteElo "2077"]

1. d4 {[%clk 1:30:13]} d5 {[%clk 1:30:57]} 2. Nf3 {[%clk 1:30:35]} e6
{[%clk 1:31:21]} 3. c4 {[%clk 1:30:31]} a6 {[%clk 1:31:46]} 4. a4
{[%clk 1:27:10]} Nf6 {[%clk 1:29:21]} 5. g3 {[%clk 1:18:46]} dxc4
{[%clk 1:26:41]} 6. Bg2 {[%clk 0:59:00]} Nc6 {[%clk 1:23:20]} 7. O-O
{[%clk 0:58:51]} Na5 {[%clk 1:14:50]} 8. Nbd2 {[%clk 0:56:02]} Nd5
{[%clk 1:08:31]} 9. Qc2 {[%clk 0:50:20]} b5 {[%clk 1:04:37]} 10. axb5
{[%clk 0:30:45]} axb5 {[%clk 1:04:02]} 11. Nxc4 {[%clk 0:29:48]} bxc4
{[%clk 0:51:44]} 12. Bd2 {[%clk 0:28:50]} c6 {[%clk 0:47:35]} 13. e4
{[%clk 0:25:44]} Nb4 {[%clk 0:41:28]} 14. Qc3 {[%clk 0:16:06]} Ba6
{[%clk 0:35:57]} 15. Bg5 {[%clk 0:11:04]} f6 {[%clk 0:33:53]} 16. Be3
{[%clk 0:08:08]} Be7 {[%clk 0:32:20]} 17. Bh3 {[%clk 0:06:46]} O-O
{[%clk 0:30:36]} 18. Bxe6+ {[%clk 0:05:20]} Kh8 {[%clk 0:31:05]} 19. Ra3
{[%clk 0:02:49]} Bb5 {[%clk 0:27:12]} 20. Rfa1 {[%clk 0:02:21]} Ra6
{[%clk 0:27:36]} 21. Nh4 {[%clk 0:02:30]} Nb3 {[%clk 0:24:09]} 22. Rxa6
{[%clk 0:01:43]} Nxa6 {[%clk 0:24:13]} 23. Rd1 {[%clk 0:01:58]} Na5
{[%clk 0:22:34]} 24. d5 {[%clk 0:01:14]} Nc5 {[%clk 0:20:16]} 25. Bxc5
{[%clk 0:00:53]} Bxc5 {[%clk 0:20:41]} 26. d6 {[%clk 0:01:03]} Re8
{[%clk 0:19:03]} 27. d7 {[%clk 0:00:59]} Rxe6 {[%clk 0:18:25]} 28. Qxa5
{[%clk 0:01:23]} Be7 {[%clk 0:18:53]} 29. Qa7 {[%clk 0:00:44]} g6
{[%clk 0:18:17]} 30. Qb7 {[%clk 0:00:35]} Rd6 {[%clk 0:16:57]} 31. Rxd6
{[%clk 0:00:34]} Bxd6 {[%clk 0:17:27]} 32. f4 {[%clk 0:00:35]} Bc7
{[%clk 0:17:09]} 33. Qc8 {[%clk 0:00:31]} c5 {[%clk 0:17:20]} 34. Qb7
{[%clk 0:00:32]} Qxd7 {[%clk 0:17:31]} 35. Nf3 {[%clk 0:00:31]} c3
{[%clk 0:17:29]} 36. bxc3 {[%clk 0:00:43]} Qd1+ {[%clk 0:17:53]} 0-1